| 000 | 01690nam0a2200385 4500 | ||
|---|---|---|---|
| 001 | RU\NLR\BIBL_A\022221265 | ||
| 005 | 20240618121309.0 | ||
| 010 |
_a978-5-17-162449-1 _92000 |
||
| 021 |
_aRU _bКН-П-24-019489 _9КН-П-24-2038 |
||
| 035 | _a(NLR Aleph) 022221265 | ||
| 090 |
_a13102793 _c13102793 |
||
| 100 | _a20240515d2024 u y0rusy50 ca | ||
| 101 | 0 | _arus | |
| 102 | _aRU | ||
| 105 | _aac||z|||000zy | ||
| 181 | 0 |
_ai _baxxe |
|
| 182 | 0 | _an | |
| 200 | 1 |
_aЯ забираю вашу боль! Энергия сотворения _fС. С. Коновалов |
|
| 203 |
_aТекст _bвизуальный _cнепосредственный |
||
| 205 | _aПерераб. и доп. изд. | ||
| 210 |
_aМосква _cАСТ _d2024 |
||
| 215 |
_a319 с. _cил., портр., табл. _d20 |
||
| 225 | 1 | _aПреодоление болезни | |
| 300 | _aНа 4-й с. обл. авт.: С. С. Коновалов - д-р мед. наук, проф., д. чл. Междунар. акад. наук экологии, безопасности человека и природы | ||
| 320 | _aДр. произведения авт. на 2-й с. обл. | ||
| 333 | _a16+ | ||
| 517 | 1 | _aЯ забираю вашу боль | |
| 606 | 1 |
_aТерапия немедикаментозная _jПопулярные издания _2nlr_sh1 _2nlr_sh2 _3RU\NLR\AUTH\6625038 |
|
| 675 |
_a615.89 _v4 |
||
| 686 | 1 | _aР358.9я9 | |
| 700 | 1 |
_aКоновалов _bС. С. _cд-р мед. наук _f1954- _gСергей Сергеевич _3RU\NLR\AUTH\7783232 |
|
| 942 | _cBOOK | ||
| 980 | _aNB | ||